Slovak, czech, hungarian, latvian, polisch, romanian and slovenian agriculture in comparison with EU countries 2001
Gespeichert in:
| Weitere Verfasser: | |
|---|---|
| Format: | Buch |
| Sprache: | Englisch |
| Veröffentlicht: |
Bratislava
Výskumný ústav ekonomiky poľnohospodárstva a potravinárstva
2001
|
| Schlagworte: | |
| Tags: |
Keine Tags, Fügen Sie das erste Tag hinzu!
|
MARC
| LEADER | 00000nam a2200000 4500 | ||
|---|---|---|---|
| 001 | c130833 | ||
| 005 | 20221124103827.6 | ||
| 020 | |a 80-8058-232-7 | ||
| 041 | 0 | |a eng | |
| 044 | |a SK | ||
| 245 | 1 | 0 | |a Slovak, czech, hungarian, latvian, polisch, romanian and slovenian agriculture in comparison with EU countries 2001 |c Prepared by Helena Solíková |
| 264 | 1 | |a Bratislava |b Výskumný ústav ekonomiky poľnohospodárstva a potravinárstva |c 2001 | |
| 300 | |a [73 s.] | ||
| 610 | 2 | 0 | |a poľnohospodárstvo |
| 610 | 2 | 0 | |a údaje štatistické medzinárodné |
| 610 | 2 | 0 | |a porovnanie štatistické medzinárodné |
| 610 | 2 | 0 | |a Európska únia |
| 610 | 2 | 0 | |a Slovensko |
| 610 | 2 | 0 | |a Maďarsko |
| 610 | 2 | 0 | |a Litva |
| 610 | 2 | 0 | |a Poľsko |
| 610 | 2 | 0 | |a Rumunsko |
| 610 | 2 | 0 | |a Slovinsko |
| 610 | 2 | 0 | |a 2001 |
| 700 | 1 | |a Solíková, Helena | |